[Event "Wch U18 Girls"]
[Site "Al Ain"]
[Date "2013.12.23"]
[Round "11"]
[White "Abdelmenaem, Sohayla"]
[Black "Dewanthi, AH Chamika"]
[Result "1-0"]
[WhiteElo "1734"]
[BlackElo "1584"]
[PlyCount "63"]
[EventDate "2013.12.18"]
[EventType "swiss"]
[EventRounds "11"]
[EventCountry "UAE"]
[SourceTitle "CBM 158 Extra"]
[Source "ChessBase"]
[SourceDate "2014.02.28"]
[SourceVersion "1"]
[SourceVersionDate "2014.02.28"]
[SourceQuality "1"]

1. d4 d5 2. c4 e6 3. Nc3 Nf6 4. Bg5 c6 5. e3 Be7 6. Qc2 Nbd7 7. cxd5 exd5 8. Bd3 h6 9. Bh4 0-0 10. Nge2 Re8 11. 0-0 b6 12. f3 Bb7 13. e4 dxe4 14. fxe4 Ng4 15. Bxe7 Rxe7 16. Rf4 Ngf6 17. Raf1 c5 18. e5 Nd5 19. Nxd5 Bxd5 20. Nc3 Bb7 21. Bc4 cxd4 22. Rxf7 Rxf7 23. Rxf7 Kh8 24. Qg6 Qg5 25. Qxg5 hxg5 26. Rxd7 dxc3 27. bxc3 Bc6 28. Rd3 g6 29. Rd6 Be8 30. e6 Ba4 31. Kf2 Kg7 32. Kg3 1-0